| 000 | 00323cam a22001217a 4500 | ||
|---|---|---|---|
| 008 | 180718b1955 xxu||||| |||| 00| 0 eng d | ||
| 082 | _aK M47 | ||
| 245 |
_aPersonnel handbook _cedited by John F. Mee |
||
| 260 |
_aNew York _bRonald Press _c1955 |
||
| 300 | _a1167p. | ||
| 650 | _aPersonnel management | ||
| 700 | _aMee, John F. | ||
| 999 |
_c501796 _d501796 |
||